Detalles MARC
| 000 -LÍDER |
| Campo fijo de descripción fija |
01263aam a2200265 i 4500 |
| 001 - NÚMERO DE CONTROL |
| Campo de control |
18773 |
| 003 - IDENTIFICADOR DEL NÚMERO DE CONTROL |
| Campo de control |
CO-MdBIC |
| 005 - FECHA Y HORA DE LA ULTIMA TRANSACCIÓN |
| control field |
20190523171731.0 |
| 008 - ELEMENTOS DE LONGITUD FIJA -- INFORMACIÓN GENERAL |
| Campo fijo de descripción fija -- Información general |
190523t1983 -us |||| |||| 00| 0 eng d |
| 020 ## - NÚMERO INTERNACIONAL NORMALIZADO PARA LIBROS |
| Número Internacional Normalizado del libro |
[No incluye ISBN] |
| 040 ## - FUENTE DE CATALOGACIÓN |
| Agencia de catalogación original |
CO-MdFUSB |
| Idioma de catalogación |
spa |
| Agencia que realiza la transcripción |
CO-MdFUSB |
| Agencia que realiza la modificación |
CO-MdFUSBC |
| Convenciones de la descripción |
rda |
| 041 ## - CÓDIGO DE IDIOMA |
| Código de idioma para texto/pista de sonido o título separado |
eng |
| 082 04 - NÚMERO DE CLASIFICACIÓN DECIMAL DEWEY |
| Número de clasificación |
23 |
| Número de la edición del Dewey |
230.044 |
| Clave de autor-Numero de item |
F981 |
| 245 10 - TÍTULO |
| Título del Material |
Foundations of Pentecostal theology. |
| Mención de responsabilidad, etc. |
/ Guy P. Duffield , Nathaniel M. Van Cleave |
| 264 #1 - PRODUCCIÓN, PUBLICACIÓN, DISTRIBUCIÓN, MANUFACTURA, Y COPYRIGHT |
| Lugar de producción, publicación, distribución, manufactura |
Los Angeles, California : |
| Nombre del productor, publicador, distribuidor |
L.I.F.E. Bible College, |
| Fecha de producción, publicación, distribución, manufactura, o copyright |
[1983] |
| 300 ## - DESCRIPCIÓN FÍSICA |
| Extensión |
624 páginas |
| Dimensiones |
; 24 cm |
| 336 ## - TIPO DE CONTENIDO |
| Término de tipo de contenido |
texto |
| Código de tipo de contenido |
txt |
| Fuente |
rdacontent |
| 337 ## - TIPO DE MEDIO |
| Fuente |
rdamedia |
| Nombre del tipo de medio |
sin mediación |
| Código del tipo de medio |
n |
| 338 ## - TIPO DE SOPORTE |
| Fuente |
rdacarrier |
| Nombre del tipo de soporte |
volumen |
| Código Tipo de soporte |
nc |
| 505 0# - NOTA DE CONTENIDO |
| Nota de contenido con formato preestablecido |
La doctrina de las escrituras: bibliología. -- La doctrina de Dios: teología. -- La doctrina del hombre: la antropología. -- La doctrina del pecado: hamartiología. -- La doctrina de la salvación: la soteriología. -- La doctrina del Espíritu Santo: neumatología. -- La doctrina de la sanidad divina. -- La doctrina de la iglesia: la eclesiología. -- La doctrina de los ángeles: la angelología. -- La doctrina de las últimas cosas: la escatología. |
| 563 ## - NOTA DE ENCUADERNACIÓN |
| Nota de encuadernación |
Rústico |
| 650 #0 - ASIENTO SECUNDARIO DE MATERIA - TERMINO TEMÁTICO |
| 9 (RLIN) |
142 |
| Término temático o nombre geográfico como elemento de entrada |
Pentecostalismo |
| 700 ## - ASIENTO SECUNDARIO - NOMBRE PERSONAL |
| 9 (RLIN) |
1975 |
| Nombre personal |
Duffield, Guy P., |
| Responsabilidad |
autor |
| 942 ## - TIPO DE MATERIAL (KOHA) |
| Tipo de Item KOHA |
Libros General |